000 00391nam a22001217a 4500
999 _c10064
_d10064
003 OSt
008 201218b ||||| |||| 00| 0 eng d
245 _aCOLLNET Journal of Scientometrics and Information Management
250 _a2017(Jun Vol.11 No.1, Dec Vol.11 No.2) 2018(Jun Vol.12 No.1, Dec Vol.12 No.2)
260 _aNew Delhi
_bTaru Publications
650 _aManagement
942 _2ddc
_cBV